Top 5 biggest cities in the top 5 biggest countries (by pop) - Statistics

General Stats
  • This quiz has been taken 24 times
  • The average score is 21 of 30
Answer Stats
Hint Answer % Correct
11,716,620 Beijing
100%
Country #1 China
100%
10,927,986 Delhi
100%
Country #2 India
100%
12,691,836 Mumbai
100%
22,315,474 Shanghaï
100%
Country #4 Indonesia
90%
8,175,133 New York City
90%
Country #3 United States of America
90%
8,540,121 Jakarta
86%
3,971,883 Los Angeles
86%
Country #5 Pakistan
86%
11,624,219 Karachi
71%
4,631,392 Kolkata
71%
11,090,314 Tianjin
71%
2,296,224 Houston
67%
4,328,063 Chennai
62%
6,310,888 Lahore
62%
11,071,424 Guangzhou
57%
1,567,442 Philadelphia
57%
10,358,381 Shenzhen
57%
2,374,658 Surabaya
57%
1,699,719 Bandung
52%
5,104,047 Bengaluru
52%
2,506,595 Faisalabad
48%
1,750,971 Medan
48%
2,720,546 Chicago
43%
1,743,101 Rawalpindi
38%
1,437,230 Multan
24%
1,520,119 Bekasi
10%
No matching quizzes found
Score Distribution
Percent of People with Each Score
Percentile by Number Answered
Your Score History
You have not taken this quiz